| 000 | 00515cam a2200193ua 4500 | ||
|---|---|---|---|
| 001 | 844 | ||
| 005 | 20260515113231.0 | ||
| 008 | 110421n ii |||gr||||Z||||||eng | ||
| 040 | _cMAIN | ||
| 082 | _a320.3 | ||
| 245 | 1 |
_aComparative government and politics. _cBy S R Maheswari. |
|
| 250 | _a2nd. | ||
| 260 |
_aNew Delhi.: _bEducational publisher.,985. |
||
| 300 |
_ax, 223 p.: _c20 cm. |
||
| 653 | _aPolitical science. | ||
| 653 | _aComparative government and politics. | ||
| 700 | _aMaheswari, S R., | ||
| 942 | _cBK | ||
| 999 |
_c768 _d768 |
||